000 00293nam a22001337a 4500
008 170601b xxu||||| |||| 00| 0 eng d
020 _a0394536703
041 _aeng
080 _a94(4)
100 _a17
101 _aSHH
245 _aTHE WAR OF THE TWO EMEPERORS
_cCATE,C
942 _2udc
_cBK
999 _c15208
_d15208